000 00481nam a2200205Ia 4500
005 20240823052102.0
008 240823s9999||||xx |||||||||||||| ||und||
020 _a978-81-923533-4-0
041 _aENGLISH
082 _A005.42 Q3
100 _aThenmozhi D
245 0 _aSystem Software
250 _a1st
260 _c2013
_bMagnus Publica
500 _aYES
650 _aSystem Software
_bComputer Science
700 _a Deepalakshmi V
942 _cBK
999 _c221051
_d221051